Normal view
MARC view
Entry Topical Term
001 - CONTROL NUMBER
- control field: 726369
003 - CONTROL NUMBER IDENTIFIER
- control field: OSt
005 - DATE AND TIME OF LATEST TRANSACTION
- control field: 20241129105752.0
008 - FIXED-LENGTH DATA ELEMENTS
- fixed length control field: 241129|| aca||aabn | a|a d
040 ## - CATALOGING SOURCE
- Original cataloging agency: OSt
- Transcribing agency: OSt
150 ## - HEADING--TOPICAL TERM
- Topical term or geographic name entry element: ArtsArchitecture
670 ## - SOURCE DATA FOUND
- Source citation: Work cat.: (OSt)1225853: Gibson Melanie Ed. 724663, Fruit of knowledge, wheel of learning essays in honour of carole hillenbrand, 2022
